[Event "Tilburg"]
[Site "?"]
[Date "1988.??.??"]
[Round "?"]
[White "Hjartarson, J."]
[Black "Timman, J."]
[Result "1/2-1/2"]
[WhiteElo "2610"]
[BlackElo "2660"]
[PlyCount "75"]
[EventDate "1988.??.??"]
[Source "ChessBase"]
[SourceDate "1988.07.01"]

1. d4 Nf6 2. c4 g6 3. Nc3 d5 4. Bf4 Bg7 5. e3 O-O 6. cxd5 Nxd5 7. Nxd5 Qxd5 8. Bxc7 Na6 9. Bxa6 Qxg2 10. Qf3 Qxf3 11. Nxf3 bxa6 12. Rc1 Bb7 13. Ke2 f6 14. Rc5 e6 15. Rhc1 Rfe8 16. Bg3 Bf8 17. Rc7 Bd5 18. Nd2 e5 19. dxe5 fxe5 20. Nc4 e4 21. b3 Be6 22. h4 Red8 23. Be5 Rd5 24. Rg1 Rc8 25. Rxc8 Bxc8 26. h5 Bg7 27. Bxg7 Kxg7 28. hxg6 h5 29. f3 exf3+ 30. Kxf3 Rf5+ 31. Ke2 Rf6 32. Ne5 Bf5 33. Rc1 Bxg6 34. Rc7+ Kg8 35. Rxa7 h4 36. Ra8+ Kg7 37. Ra7+ Kg8 38. Ra8+ 1/2-1/2

[Event "IV Open"]
[Site "Calvia ESP"]
[Date "2007.10.19"]
[Round "5"]
[White "Vallejo Pons, F."]
[Black "Mikhalevski, V."]
[Result "0-1"]
[WhiteElo "2660"]
[BlackElo "2584"]
[PlyCount "102"]
[EventDate "2007.10.15"]
[Source "www.chesslib.no"]
[SourceDate "2004.05.04"]

1. d4 Nf6 2. c4 g6 3. Nc3 d5 4. Bf4 Bg7 5. e3 O-O 6. cxd5 Nxd5 7. Nxd5 Qxd5 8. Bxc7 Na6 9. Bxa6 Qxg2 10. Qf3 Qxf3 11. Nxf3 bxa6 12. Rc1 Bb7 13. Ke2 Rac8 14. Rhd1 f6 15. d5 f5 16. b4 Bb2 17. Rc5 a5 18. Bxa5 Bc3 19. Rd4 Rxc5 20. bxc5 Bxd4 21. exd4 Bxd5 22. Ne5 Rb8 23. a3 Rb2+ 24. Ke1 Rc2 25. Bd2 Kf8 26. a4 Ke8 27. a5 Ra2 28. h4 Ra4 29. Bc3 f4 30. f3 Ra3 31. Bd2 Ra4 32. Bc3 Ra3 33. Bd2 Bxf3 34. Bxf4 Bd5 35. Bd2 Rh3 36. Bg5 Rh2 37. Kd1 Kd8 38. Ke1 Ra2 39. Bd2 Kc8 40. Nd3 Ra1+ 41. Kf2 Rd1 42. Ke3 Rh1 43. Nf4 e6 44. Nxd5 exd5 45. Kf4 Rxh4+ 46. Ke5 Rh5+ 47. Kd6 Rf5 48. Bh6 a6 49. c6 Rf6+ 50. Kxd5 Kc7 51. Ke5 Rf5+ 0-1

[Event "Russian Club Cup"]
[Site "Maikop"]
[Date "1998.06.08"]
[Round "6"]
[White "Zakharevich, Igor"]
[Black "Svidler, Peter"]
[Result "1/2-1/2"]
[WhiteElo "2530"]
[BlackElo "2690"]
[PlyCount "155"]
[EventDate "1998.06.03"]
[Source "ChessBase"]
[SourceDate "1998.09.30"]

1. d4 Nf6 2. c4 g6 3. Nc3 d5 4. Bf4 Bg7 5. e3 O-O 6. cxd5 Nxd5 7. Nxd5 Qxd5 8. Bxc7 Bf5 9. Ne2 Rc8 10. Nf4 Qd7 11. Ba5 e5 12. dxe5 Bxe5 13. Qxd7 Nxd7 14. Bd3 Bxb2 15. Rb1 Bxd3 16. Nxd3 Bc3+ 17. Bxc3 Rxc3 18. Rb3 Rc2 19. O-O b6 20. Nb4 Rc4 21. Nd5 Ra4 22. Nc3 Ra5 23. Rd1 Nc5 24. Rb2 Rc8 25. Kf1 Ne6 26. Nb5 Rc5 27. Nd4 Rd5 28. Ke2 Nxd4+ 29. exd4 Kf8 30. Ke3 Ke7 31. Rd3 Ra4 32. a3 Rda5 33. Rbb3 Kd6 34. g4 Kd5 35. g5 Rc4 36. Rb1 Rc7 37. Kd2 Kd6 38. h4 Rf5 39. f3 Rf4 40. a4 Rxh4 41. a5 bxa5 42. Ra1 Re7 43. Rxa5 Rh2+ 44. Kc3 Rc7+ 45. Kb3 Rb7+ 46. Kc3 Rc7+ 47. Kb3 Rb7+ 48. Kc3 Rhb2 49. Ra3 R2b5 50. f4 a5 51. Re3 Rc7+ 52. Kd3 Ra7 53. Re1 Rf5 54. Rea1 Rxf4 55. Rxa5 Rxa5 56. Rxa5 Rg4 57. Kc4 Rg1 58. Ra6+ Ke7 59. Ra5 Ke6 60. Re5+ Kd6 61. Ra5 Rh1 62. Ra6+ Ke7 63. d5 h5 64. Ra7+ Kd6 65. Rxf7 Rh4+ 66. Kd3 Kxd5 67. Rg7 Rd4+ 68. Ke3 Re4+ 69. Kf3 Re6 70. Kf4 Kd6 71. Ra7 Kc6 72. Rg7 Kd5 73. Rg8 Rd6 74. Rg7 Kd4 75. Rg8 Kd3 76. Kf3 Kd2 77. Kf2 Re6 78. Rg7 1/2-1/2

[Event "BL 0607 TV Tegernsee - Hamburger SK"]
[Site "Germania"]
[Date "2006.10.28"]
[Round "1.2"]
[White "Khenkin, Igor"]
[Black "Ftacnik, Lubomir"]
[Result "1/2-1/2"]
[WhiteElo "2620"]
[BlackElo "2580"]
[PlyCount "99"]
[EventDate "2006.10.28"]
[Source "www.chesslib.no"]
[SourceDate "2004.05.04"]

1. d4 Nf6 2. c4 g6 3. Nc3 d5 4. Bf4 Bg7 5. e3 O-O 6. cxd5 Nxd5 7. Nxd5 Qxd5 8. Bxc7 Na6 9. Bxa6 Qxg2 10. Qf3 Qxf3 11. Nxf3 bxa6 12. Rg1 Bb7 13. Ke2 Rac8 14. Rac1 f6 15. Rgd1 Bd5 16. b3 Rfe8 17. Ne1 Bf8 18. Nd3 e6 19. Rc3 g5 20. f3 h5 21. h3 Kf7 22. Rdc1 Bb7 23. b4 Be7 24. a3 Rg8 25. Nf2 f5 26. Nd3 g4 27. hxg4 hxg4 28. fxg4 fxg4 29. Bg3 Rxc3 30. Rxc3 Rc8 31. Rxc8 Bxc8 32. Ne5+ Ke8 33. Nxg4 a5 34. Be1 Ba6+ 35. Kf3 Kd7 36. Ne5+ Kc7 37. Ng6 Bb7+ 38. Kg4 Bd6 39. Bg3 Bxg3 40. Kxg3 axb4 41. axb4 Kc6 42. Nf4 Bc8 43. Nd3 Kb5 44. Kf4 Kc4 45. Ne5+ Kxb4 46. Nc6+ Kc3 47. Nxa7 Bd7 48. Ke5 Kd3 49. e4 Kc4 50. Kd6 1/2-1/2

[Event "TCh-RUS"]
[Site "Togliatti"]
[Date "2003.05.19"]
[Round "4"]
[White "Dreev, Alexey"]
[Black "Yandemirov, Valeri"]
[Result "1-0"]
[WhiteElo "2695"]
[BlackElo "2475"]
[PlyCount "117"]
[EventDate "2003.05.16"]
[Source "Roberto Alvarez"]
[SourceDate "2003.05.26"]

1. d4 Nf6 2. c4 g6 3. Nc3 d5 4. Bf4 Bg7 5. e3 O-O 6. cxd5 Nxd5 7. Nxd5 Qxd5 8. Bxc7 Na6 9. Bxa6 Qc6 10. Bd3 Qxc7 11. f4 f6 12. h4 e5 13. Qb3+ Kh8 14. h5 h6 15. Nf3 g5 16. Qc3 Qe7 17. fxe5 Bg4 18. Qc5 Qxc5 19. dxc5 f5 20. Rc1 Rad8 21. Be2 Rfe8 22. Rc2 Re7 23. Kf2 Bxf3 24. Bxf3 Bxe5 25. Rd1 Rxd1 26. Bxd1 Kg7 27. b4 Kf6 28. g4 f4 29. b5 fxe3+ 30. Kxe3 Bf4+ 31. Kf2 Ke5 32. Rc4 Kd5 33. Bb3 Be3+ 34. Kf3 Bxc5 35. Rf4+ Kd6 36. Rf6+ Kc7 37. Rxh6 Re3+ 38. Kg2 Bd6 39. Be6 Kb6 40. Bf5 Kc5 41. Rg6 Bf4 42. h6 Rg3+ 43. Kf2 Rh3 44. Re6 Bd2 45. Kg2 Rh4 46. a4 Bc3 47. h7 Kb4 48. b6 axb6 49. Rxb6+ Kxa4 50. Rxb7 Ka5 51. Kf3 Ka6 52. Rb3 Bg7 53. Ke4 Ka7 54. Kd5 Rh6 55. Re3 Bb2 56. Re7+ Ka8 57. Re2 Bc3 58. Kc4 Rh3 59. Ra2+ 1-0

[Event "New York op"]
[Site "New York"]
[Date "1991.??.??"]
[Round "3"]
[White "Novikov, Igor A"]
[Black "Epishin, Vladimir"]
[Result "1/2-1/2"]
[WhiteElo "2545"]
[BlackElo "2620"]
[PlyCount "40"]
[EventDate "1991.03.??"]
[Source "ChessBase"]

1. d4 Nf6 2. c4 g6 3. Nc3 d5 4. Bf4 Bg7 5. e3 O-O 6. cxd5 Nxd5 7. Nxd5 Qxd5 8. Bxc7 Bf5 9. Ne2 Rc8 10. Nc3 Qc6 11. Bf4 Na6 12. a3 Qb6 13. Qe2 Nc7 14. Bxc7 Qxc7 15. Qd2 e5 16. d5 e4 17. Rc1 Qa5 18. Be2 Bxc3 19. bxc3 Qxa3 20. O-O Qc5 1/2-1/2

[Event "Bundesliga 2007-8"]
[Site "Zehlendorf GER"]
[Date "2008.02.09"]
[Round "8"]
[White "Gyimesi, Z."]
[Black "Luther, T."]
[Result "1/2-1/2"]
[WhiteElo "2605"]
[BlackElo "2526"]
[PlyCount "64"]
[EventDate "2008.02.09"]
[Source "www.chesslib.no"]
[SourceDate "2004.05.04"]

1. d4 Nf6 2. c4 g6 3. Nc3 d5 4. Bf4 Bg7 5. e3 O-O 6. cxd5 Nxd5 7. Nxd5 Qxd5 8. Bxc7 Na6 9. Bxa6 Qxg2 10. Qf3 Qxf3 11. Nxf3 bxa6 12. Rg1 f6 13. Rc1 Rf7 14. Ke2 Bd7 15. Rc3 e5 16. dxe5 fxe5 17. Ng5 Bb5+ 18. Ke1 e4 19. Nxf7 Bxc3+ 20. bxc3 Kxf7 21. Rg5 Rc8 22. Ba5 Bd3 23. Bb4 Ke6 24. h4 Rd8 25. Rc5 Rd5 26. Rc7 Rh5 27. c4 Rxh4 28. c5 Rh1+ 29. Kd2 Rh2 30. Ke1 Rh1+ 31. Kd2 Rh2 32. Ke1 Rh1+ 1/2-1/2

[Event "Bundesliga 8889"]
[Site "Germany"]
[Date "1989.??.??"]
[Round "?"]
[White "Levitt, Jonathan"]
[Black "Hort, Vlastimil"]
[Result "1/2-1/2"]
[WhiteElo "2485"]
[BlackElo "2595"]
[PlyCount "113"]
[EventDate "1988.10.??"]
[Source "ChessBase"]
[SourceDate "1999.07.01"]

1. d4 Nf6 2. c4 g6 3. Nc3 d5 4. Bf4 Bg7 5. e3 O-O 6. cxd5 Nxd5 7. Nxd5 Qxd5 8. Bxc7 Na6 9. Bxa6 Qxg2 10. Qf3 Qxf3 11. Nxf3 bxa6 12. Rc1 Be6 13. b3 Bd5 14. Ke2 Rfc8 15. Rc3 e6 16. Rhc1 Bf8 17. Be5 Rxc3 18. Rxc3 Be7 19. Nd2 f6 20. Bg3 Bd8 21. Kd3 g5 22. Ne4 Kf7 23. Nd6+ Ke7 24. e4 f5 25. exd5 f4 26. Ne4 fxg3 27. hxg3 exd5 28. Nxg5 Rb8 29. Nxh7 Kd6 30. f4 Be7 31. Ng5 Rg8 32. Ke3 Bf6 33. Rc2 Re8+ 34. Kd3 Rg8 35. Rh2 Bxg5 36. fxg5 Rxg5 37. Rh6+ Kc7 38. Rh3 Rg4 39. Ke3 Re4+ 40. Kd3 Rg4 41. Ke3 a5 42. Rh7+ Kb6 43. Kf3 Rxd4 44. g4 a4 45. g5 Rd3+ 46. Kf4 Rd2 47. bxa4 Rxa2 48. Rh3 Rxa4+ 49. Kf5 Ra1 50. Rg3 d4 51. g6 Rf1+ 52. Ke5 d3 53. Rxd3 Rg1 54. Rd6+ Kc5 55. Rf6 a5 56. Ke6 a4 57. Kf7 1/2-1/2

[Event "Irkutsk"]
[Site "?"]
[Date "1986.??.??"]
[Round "?"]
[White "Lputian, S."]
[Black "Gavrikov, V."]
[Result "1/2-1/2"]
[WhiteElo "2520"]
[BlackElo "2550"]
[PlyCount "74"]
[EventDate "1986.??.??"]
[Source "ChessBase"]
[SourceDate "1986.07.01"]

1. d4 Nf6 2. c4 g6 3. Nc3 d5 4. Bf4 Bg7 5. e3 O-O 6. cxd5 Nxd5 7. Nxd5 Qxd5 8. Bxc7 Na6 9. Bxa6 bxa6 10. Nf3 Bf5 11. Qb3 Qc6 12. Qc3 Qb5 13. Qb3 Qc6 14. Bg3 Be4 15. O-O Rfc8 16. Qa3 Bxf3 17. gxf3 Qxf3 18. Qxe7 Rc2 19. Rfc1 Rxb2 20. Qd6 Rf8 21. Qxa6 h5 22. Qc6 Qg4 23. Qg2 Re8 24. Rc7 Bh6 25. Qd5 Rf8 26. Kh1 h4 27. Bd6 Rd2 28. Rf1 Rd1 29. Rc1 Rxf1+ 30. Rxf1 Qd7 31. Rg1 Kh7 32. e4 Rd8 33. e5 Bf8 34. Qe4 Bxd6 35. Qxh4+ Kg8 36. exd6 Qxd6 37. Re1 Kg7 1/2-1/2

[Event "Banja Luka"]
[Site "Banja Luka BIH"]
[Date "1979.04.15"]
[Round "5"]
[White "Knezevic, Milorad"]
[Black "Smejkal, Jan"]
[Result "1/2-1/2"]
[WhiteElo "2500"]
[BlackElo "2560"]
[PlyCount "41"]
[EventDate "1979.04.??"]
[Source "www.chesslib.no"]
[SourceDate "2004.05.04"]

1. d4 Nf6 2. c4 g6 3. Nc3 d5 4. Bf4 Bg7 5. e3 O-O 6. cxd5 Nxd5 7. Nxd5 Qxd5 8. Bxc7 Na6 9. Bxa6 Qxg2 10. Qf3 Qxf3 11. Nxf3 bxa6 12. Rc1 a5 13. Rg1 a4 14. Rg5 Bf5 15. Ke2 Rfc8 16. Rgg1 a6 17. Nd2 Ra7 18. Ba5 Rb7 19. Rxc8+ Bxc8 20. Bc3 Be6 21. a3 1/2-1/2

[Event "Kallithea"]
[Site "Kallithea"]
[Date "2003.??.??"]
[Round "?"]
[White "Gonda, L."]
[Black "Navara, D."]
[Result "1/2-1/2"]
[WhiteElo "2449"]
[BlackElo "2608"]
[PlyCount "53"]
[EventDate "2003.??.??"]
[Source "Chess Informant"]
[SourceDate "2003.10.01"]

1. d4 Nf6 2. c4 g6 3. Nc3 d5 4. Bf4 Bg7 5. e3 O-O 6. cxd5 Nxd5 7. Nxd5 Qxd5 8. Bxc7 Na6 9. Bxa6 Qxg2 10. Qf3 Qxf3 11. Nxf3 bxa6 12. Rc1 Bb7 13. Ke2 f6 14. Rc5 e6 15. Rhc1 Rf7 16. Bg3 Rd8 17. Rc7 Rdd7 18. Rxd7 Rxd7 19. Rc7 Rxc7 20. Bxc7 g5 21. Nd2 Bf8 22. f3 h5 23. Nc4 g4 24. fxg4 hxg4 25. Bb8 Kf7 26. Nd6+ Bxd6 27. Bxd6 1/2-1/2

[Event "300 Years"]
[Site "St Petersburg"]
[Date "2003.10.20"]
[Round "3"]
[White "Sambuev, Bator"]
[Black "Areshchenko, Alexander"]
[Result "1/2-1/2"]
[WhiteElo "2507"]
[BlackElo "2539"]
[PlyCount "118"]
[EventDate "2003.10.18"]
[Source "Roberto Alvarez"]
[SourceDate "2003.10.27"]

1. d4 Nf6 2. c4 g6 3. Nc3 d5 4. Bf4 Bg7 5. e3 O-O 6. cxd5 Nxd5 7. Nxd5 Qxd5 8. Bxc7 Na6 9. Bxa6 Qxg2 10. Qf3 Qxf3 11. Nxf3 bxa6 12. Rc1 a5 13. Rg1 a4 14. Rc5 a6 15. b3 Be6 16. d5 axb3 17. axb3 Bf5 18. Nd4 Bxd4 19. exd4 Ra7 20. Rg3 f6 21. Rgc3 Kf7 22. Kd2 Rb7 23. d6 exd6 24. Bxd6 Rd8 25. Rc7+ Rd7 26. Rxd7+ Bxd7 27. d5 Rb5 28. Bc5 Ra5 29. Kd3 g5 30. Kd4 Ra2 31. Kc4 Rd2 32. d6 h5 33. Re3 Be6+ 34. Kc3 Rd5 35. Kb4 Rf5 36. Rc3 Ke8 37. Ka5 Bxb3 38. Kxa6 Be6 39. Kb6 Rd5 40. Ra3 Bd7 41. Ra8+ Kf7 42. Rh8 h4 43. Rh7+ Ke8 44. Re7+ Kd8 45. Rf7 f5 46. Rg7 f4 47. Re7 Kc8 48. Re2 Kd8 49. Ra2 Be8 50. Ra8+ Kd7 51. Bb4 g4 52. Ra7+ Kd8 53. Ba5 Bb5 54. Bc3 g3 55. hxg3 hxg3 56. fxg3 fxg3 57. Rg7 Be8 58. Kb7 Ba4 59. Rg4 Bd1 1/2-1/2

[Event "8th Open"]
[Site "Voronezh"]
[Date "2004.06.16"]
[Round "5"]
[White "Sambuev, Bator"]
[Black "Kurnosov, Igor"]
[Result "1/2-1/2"]
[WhiteElo "2490"]
[BlackElo "2543"]
[PlyCount "75"]
[EventDate "2004.06.12"]
[Source "Roberto Alvarez"]
[SourceDate "2004.07.05"]

1. d4 Nf6 2. c4 g6 3. Nc3 d5 4. Bf4 Bg7 5. e3 O-O 6. cxd5 Nxd5 7. Nxd5 Qxd5 8. Bxc7 Na6 9. Bxa6 Qxg2 10. Qf3 Qxf3 11. Nxf3 bxa6 12. Rc1 f6 13. Rc5 Rf7 14. d5 Bf8 15. Nd2 Bb7 16. O-O Rc8 17. e4 e5 18. d6 Rd7 19. Nc4 Bxe4 20. f4 Bd3 21. fxe5 Bxc4 22. Rxc4 fxe5 23. Rc5 e4 24. Kf2 Bg7 25. Ke3 Re8 26. Rc4 Bf8 27. Rd1 Bh6+ 28. Kd4 Bf8 29. Rc6 Bg7+ 30. Kc4 e3 31. Re1 e2 32. Kd3 Bxb2 33. Rxa6 Kf7 34. h3 Be5 35. Rxe2 Bxd6 36. Bxd6 Re6 37. Rxe6 Kxe6 38. Kc4 1/2-1/2

[Event "Aalborg"]
[Site "?"]
[Date "1997.??.??"]
[Round "?"]
[White "Volzhin, A."]
[Black "Mikhalevski, V."]
[Result "1/2-1/2"]
[WhiteElo "2495"]
[BlackElo "2535"]
[PlyCount "51"]
[EventDate "1997.??.??"]
[Source "ChessBase"]
[SourceDate "1997.06.01"]

1. d4 Nf6 2. c4 g6 3. Nc3 d5 4. Bf4 Bg7 5. e3 O-O 6. cxd5 Nxd5 7. Nxd5 Qxd5 8. Bxc7 Nc6 9. Ne2 Bg4 10. f3 Rac8 11. Nc3 Qe6 12. Bf4 Nxd4 13. fxg4 Rfd8 14. Bd3 Nc6 15. Qb1 Nb4 16. Be2 Rxc3 17. bxc3 Bxc3+ 18. Kf2 Rd2 19. Rd1 Nd3+ 20. Kf1 Nxf4 21. Rxd2 Qxe3 22. Rd8+ Kg7 23. Qd1 Nxe2 24. Qxe2 Qf4+ 25. Qf3 Qc4+ 26. Qd3 1/2-1/2

[Event "Pardubice Czech op"]
[Site "Pardubice"]
[Date "1998.??.??"]
[Round "6"]
[White "Turov, Maxim"]
[Black "Ftacnik, Lubomir"]
[Result "1/2-1/2"]
[WhiteElo "2445"]
[BlackElo "2580"]
[PlyCount "37"]
[EventDate "1998.07.??"]
[Source "www.chesslib.no"]
[SourceDate "2004.05.04"]

1. d4 Nf6 2. c4 g6 3. Nc3 d5 4. Bf4 Bg7 5. e3 O-O 6. cxd5 Nxd5 7. Nxd5 Qxd5 8. Bxc7 Na6 9. Bxa6 Qxg2 10. Qf3 Qxf3 11. Nxf3 bxa6 12. Rc1 Bb7 13. Ke2 a5 14. Rhg1 a4 15. Rc5 Rfc8 16. Rgc1 e6 17. Bd6 Rd8 18. Bc7 Rd5 19. Ne5 1/2-1/2

[Event "Petroff mem op"]
[Site "St Petersburg"]
[Date "2000.02.13"]
[Round "6"]
[White "Zakharevich, Igor"]
[Black "Balashov, Yuri S"]
[Result "1/2-1/2"]
[WhiteElo "2486"]
[BlackElo "2534"]
[PlyCount "51"]
[EventDate "2000.02.05"]
[Source "www.chesslib.no"]
[SourceDate "2004.05.04"]

1. d4 Nf6 2. c4 g6 3. Nc3 d5 4. Bf4 Bg7 5. e3 O-O 6. cxd5 Nxd5 7. Nxd5 Qxd5 8. Bxc7 Na6 9. Bxa6 Qxg2 10. Qf3 Qxf3 11. Nxf3 bxa6 12. Ke2 a5 13. Rhc1 a4 14. Ne1 Bd7 15. Nd3 Rfc8 16. Rc3 Bf8 17. Rac1 f6 18. Bg3 Kf7 19. Rxc8 Rxc8 20. Rxc8 Bxc8 21. Bb8 Be6 22. a3 a6 23. Kd2 Bd7 24. Nc5 Bb5 25. d5 f5 26. Ne6 1/2-1/2

[Event "Koop Tjuchem op"]
[Site "Groningen"]
[Date "1996.??.??"]
[Round "11"]
[White "Leitao, Rafael"]
[Black "Atalik, Suat"]
[Result "1-0"]
[WhiteElo "2475"]
[BlackElo "2525"]
[PlyCount "69"]
[EventDate "1996.12.20"]
[Source "www.chesslib.no"]
[SourceDate "2004.05.04"]

1. d4 Nf6 2. c4 g6 3. Nc3 d5 4. Bf4 Bg7 5. e3 O-O 6. cxd5 Nxd5 7. Nxd5 Qxd5 8. Bxc7 Na6 9. Bxa6 Qxg2 10. Qf3 Qxf3 11. Nxf3 bxa6 12. Rg1 f6 13. Ke2 Bb7 14. Rgd1 e6 15. Rac1 Rf7 16. Rc3 Bf8 17. a3 Rd7 18. Rdc1 Rc8 19. Ne1 g5 20. Nd3 g4 21. Bg3 Bf3+ 22. Kd2 Rcd8 23. Rc8 e5 24. Rxd8 Rxd8 25. Rc4 exd4 26. exd4 h5 27. Kc3 Bd6 28. Bxd6 Rxd6 29. Rc7 Rc6+ 30. Rxc6 Bxc6 31. Nf4 Kg7 32. d5 Bd7 33. Kd4 Kh6 34. Ne6 h4 35. Ke4 1-0

[Event "LXXV Camp. brasiliano"]
[Site "Porto Alegre BRA"]
[Date "2008.12.10"]
[Round "5"]
[White "Lima, Da"]
[Black "Mekhitarian, K."]
[Result "1-0"]
[WhiteElo "2488"]
[BlackElo "2511"]
[PlyCount "107"]
[EventDate "2008.12.07"]
[Source "www.chesslib.no"]
[SourceDate "2004.05.04"]

1. d4 Nf6 2. c4 g6 3. Nc3 d5 4. Bf4 Bg7 5. e3 O-O 6. cxd5 Nxd5 7. Nxd5 Qxd5 8. Bxc7 Na6 9. Bxa6 Qxg2 10. Qf3 Qxf3 11. Nxf3 bxa6 12. Rg1 Bb7 13. Ke2 f6 14. Rgd1 Rac8 15. Rac1 Kf7 16. d5 Ke8 17. Rc5 Kd7 18. Rdc1 e6 19. dxe6+ Kxe6 20. Nd4+ Kd7 21. Rd1 Ke8 22. Ne6 Rf7 23. Rd8+ Ke7 24. Rxc8 Bxc8 25. Nd8 Rf8 26. Nc6+ Ke8 27. Bd6 Rf7 28. Ne5 fxe5 29. Rxc8+ Kd7 30. Rc7+ Ke6 31. Rxf7 Kxf7 32. e4 Kf6 33. Bc5 Kg5 34. Kf3 Kh4 35. Kg2 Kg4 36. Be3 g5 37. h3+ Kh5 38. f3 Kg6 39. Bxa7 Bf8 40. Kf1 a5 41. Ke2 Bb4 42. Bf2 a4 43. Kd3 Ba5 44. Kc4 Bd2 45. b4 axb3 46. axb3 h5 47. b4 g4 48. fxg4 hxg4 49. hxg4 Kg5 50. b5 Kxg4 51. b6 Ba5 52. b7 Bc7 53. Kd5 Bb8 54. Bc5 1-0

[Event "4th LGA Premium Cup"]
[Site "Nuernberg GER"]
[Date "2007.09.08"]
[Round "5"]
[White "Reich, T."]
[Black "Baramidze, D."]
[Result "1/2-1/2"]
[WhiteElo "2427"]
[BlackElo "2569"]
[PlyCount "62"]
[EventDate "2007.09.06"]
[Source "www.chesslib.no"]
[SourceDate "2004.05.04"]

1. d4 Nf6 2. c4 g6 3. Nc3 d5 4. Bf4 Bg7 5. e3 O-O 6. cxd5 Nxd5 7. Nxd5 Qxd5 8. Bxc7 Nc6 9. Ne2 Bg4 10. h3 Bxe2 11. Bxe2 Qxg2 12. Bf3 Qg5 13. Bf4 Qa5+ 14. Qd2 Qf5 15. Rc1 e5 16. Bxc6 exf4 17. e4 Qg5 18. Bxb7 Rab8 19. Bd5 Rfc8 20. Rxc8+ Rxc8 21. Rf1 Bxd4 22. Qxd4 Rc1+ 23. Ke2 f3+ 24. Kxf3 Rxf1 25. Bxf7+ Kf8 26. Bc4 Rg1 27. Qh8+ Ke7 28. Qg7+ Kd8 29. Qd4+ Ke8 30. Qh8+ Kd7 31. Qd4+ Ke8 1/2-1/2

[Event "Novosibirsk tt"]
[Site "Novosibirsk RUS"]
[Date "1986.??.??"]
[Round "?"]
[White "Lputian, Smbat G"]
[Black "Yermolinsky, Alex"]
[Result "1-0"]
[WhiteElo "2545"]
[BlackElo "2445"]
[PlyCount "49"]
[EventDate "1986.??.??"]
[Source "www.chesslib.no"]
[SourceDate "2004.05.04"]

1. d4 Nf6 2. c4 g6 3. Nc3 d5 4. Bf4 Bg7 5. e3 O-O 6. cxd5 Nxd5 7. Nxd5 Qxd5 8. Bxc7 Na6 9. Bxa6 bxa6 10. Nf3 Bf5 11. Qb3 Qxb3 12. axb3 Rfc8 13. Ba5 Rab8 14. Nd2 e5 15. e4 Bd7 16. d5 Bb5 17. Bc3 f5 18. f3 Bd3 19. Kf2 fxe4 20. Nxe4 Rd8 21. Ra5 Rb5 22. Rxa6 Rbxd5 23. Rxa7 Bxe4 24. fxe4 Rd3 25. Rha1 1-0

[Event "ECC Women"]
[Site "Rethymnon"]
[Date "2003.09.30"]
[Round "3"]
[White "Galliamova, Alisa"]
[Black "Matveeva, Svetlana"]
[Result "1-0"]
[WhiteElo "2502"]
[BlackElo "2478"]
[PlyCount "153"]
[EventDate "2003.09.28"]
[Source "Roberto Alvarez"]
[SourceDate "2003.10.06"]

1. d4 Nf6 2. c4 g6 3. Nc3 d5 4. Bf4 Bg7 5. e3 O-O 6. cxd5 Nxd5 7. Nxd5 Qxd5 8. Bxc7 Na6 9. Bxa6 bxa6 10. Nf3 Bf5 11. O-O Rfc8 12. Be5 Rc2 13. Bxg7 Kxg7 14. b3 Rac8 15. Ne5 Qb7 16. Re1 a5 17. d5 Qb4 18. Nc6 Qd2 19. Qxd2 Rxd2 20. Red1 Rb2 21. Nxe7 Rcc2 22. Nxf5+ gxf5 23. Rdb1 Rxb1+ 24. Rxb1 Rd2 25. Kf1 Rxd5 26. Ke2 Rc5 27. Kd2 Rd5+ 28. Ke2 Rc5 29. Rd1 a4 30. Kd2 axb3 31. axb3 a5 32. Ra1 Kg6 33. Ra4 f6 34. Kd3 Rd5+ 35. Rd4 Rc5 36. Kd2 h5 37. g3 Rb5 38. Kc3 Rc5+ 39. Rc4 Rd5 40. Kc2 Rb5 41. Rc8 Rd5 42. Rg8+ Kh7 43. Ra8 Kg6 44. Rc8 Rb5 45. Rc4 Rd5 46. Ra4 Rb5 47. Ra2 Rc5+ 48. Kd3 Rb5 49. Ra3 Rc5 50. Ra2 Rb5 51. Kc3 Rc5+ 52. Kb2 Rd5 53. h4 Rc5 54. Ka3 Rd5 55. Ka4 Rd3 56. Rc2 Rd5 57. Re2 Rd3 58. Rc2 Rd5 59. Re2 Rd3 60. e4 fxe4 61. Rxe4 Rd5 62. Re8 Rd2 63. Kxa5 Rxf2 64. Re3 Kf5 65. b4 Kg4 66. b5 Ra2+ 67. Kb4 f5 68. b6 Ra8 69. Kb5 f4 70. gxf4 Kxh4 71. Re5 Rh8 72. b7 Kg4 73. f5 Kg5 74. Kb6 h4 75. Ka7 Kf6 76. Rc5 h3 77. b8=Q 1-0

[Event "4th IECC"]
[Site "Istanbul"]
[Date "2003.05.30"]
[Round "1"]
[White "Sargissian, Gabriel"]
[Black "Moor, Roger"]
[Result "1/2-1/2"]
[WhiteElo "2572"]
[BlackElo "2405"]
[PlyCount "94"]
[EventDate "2003.05.30"]
[Source "Roberto Alvarez"]
[SourceDate "2003.06.23"]

1. d4 Nf6 2. c4 g6 3. Nc3 d5 4. Bf4 Bg7 5. e3 O-O 6. cxd5 Nxd5 7. Nxd5 Qxd5 8. Bxc7 Na6 9. Bxa6 Qxg2 10. Qf3 Qxf3 11. Nxf3 bxa6 12. Rg1 Bb7 13. Ke2 Rac8 14. Rgc1 f6 15. Rc3 e5 16. Rac1 Rf7 17. Ba5 Re8 18. dxe5 fxe5 19. Ng5 Rf5 20. Rc7 Bg2 21. Rc8 Ref8 22. Rxf8+ Bxf8 23. Ne6 Bf3+ 24. Ke1 Bd6 25. a3 Kf7 26. e4 Bxe4 27. Nc5 Bd5 28. Nxa6 Rg5 29. Ke2 Rg4 30. Bb4 Rc4 31. Rxc4 Bxc4+ 32. Ke3 Bxa6 33. Bxd6 Bf1 34. Bxe5 Ke6 35. Kd4 Kd7 36. Kc5 Kc8 37. Bf4 Kb7 38. Bh6 Kc7 39. h4 Bg2 40. b4 a6 41. b5 axb5 42. Kxb5 Kb7 43. Kc5 Bf1 44. Kd6 Bd3 45. Ke5 Ka8 46. Kf6 Kb7 47. Kg7 Ka8 1/2-1/2

[Event "TCh-SCG Men"]
[Site "Budva"]
[Date "2004.09.08"]
[Round "1"]
[White "Lastin, Alexander"]
[Black "Misailovic, Nebojsa"]
[Result "1-0"]
[WhiteElo "2611"]
[BlackElo "2349"]
[PlyCount "79"]
[EventDate "2004.09.08"]
[Source "Roberto Alvarez"]
[SourceDate "2004.09.21"]

1. d4 Nf6 2. c4 g6 3. Nc3 d5 4. Bf4 Bg7 5. e3 O-O 6. cxd5 Nxd5 7. Nxd5 Qxd5 8. Bxc7 Na6 9. Bxa6 Qxg2 10. Qf3 Qxf3 11. Nxf3 bxa6 12. Rc1 a5 13. Rg1 Be6 14. a3 a4 15. Rc5 a6 16. Kd2 Ra7 17. Ba5 Rb8 18. Bb4 Rab7 19. Rgc1 Bf6 20. Ne1 Kg7 21. Nd3 Bd7 22. Rc7 Bb5 23. Rxb7 Rxb7 24. Nc5 Rb8 25. Ne4 Rb7 26. Rc8 Bd7 27. Rd8 Bb5 28. Bc3 Bh4 29. Rc8 Rd7 30. f4 Kh6 31. Bb4 Kh5 32. Rh8 h6 33. Nc5 Rc7 34. Rh7 Bc4 35. Nxa4 g5 36. f5 g4 37. Nc5 Bg5 38. b3 Bf1 39. Rxf7 Rc6 40. Ne6 1-0

[Event "Israel Championship Finals"]
[Site "?"]
[Date "2002.11.30"]
[Round "6"]
[White "Golod Vitali"]
[Black "Vydeslaver Alik"]
[Result "1-0"]
[WhiteElo "2523"]
[BlackElo "2434"]
[PlyCount "53"]
[EventDate "2002.??.??"]
[Source "www.chesslib.no"]
[SourceDate "2004.05.04"]

1. d4 Nf6 2. c4 g6 3. Nc3 d5 4. Bf4 Bg7 5. e3 O-O 6. cxd5 Nxd5 7. Nxd5 Qxd5 8. Bxc7 Bf5 9. Ne2 Na6 10. Nc3 Qc6 11. Bg3 e5 12. d5 Qb6 13. Qd2 e4 14. Be2 Rfd8 15. O-O Nb4 16. d6 Bf8 17. Rfd1 Rac8 18. a3 Nd3 19. Bxd3 exd3 20. Nd5 Qc6 21. e4 Bxe4 22. Nf6+ Kh8 23. Rac1 Qa4 24. Rxc8 Rxc8 25. Nxe4 Qxe4 26. d7 Rd8 27. Qxd3 1-0

[Event "Najdorf Festival op"]
[Site "Buenos Aires"]
[Date "1998.10.26"]
[Round "3"]
[White "De Souza, Mauro Guimaraes"]
[Black "Ricardi, Pablo"]
[Result "1/2-1/2"]
[WhiteElo "2405"]
[BlackElo "2545"]
[PlyCount "35"]
[EventDate "1998.10.??"]
[Source "ChessBase"]
[SourceDate "1999.01.01"]

1. d4 Nf6 2. c4 g6 3. Nc3 d5 4. Bf4 Bg7 5. e3 O-O 6. cxd5 Nxd5 7. Nxd5 Qxd5 8. Bxc7 Na6 9. Bxa6 bxa6 10. Nf3 Qc4 11. Be5 Be6 12. Bxg7 Kxg7 13. Ne5 Qb5 14. Qe2 Qb4+ 15. Qd2 Qb5 16. Qe2 Qb4+ 17. Qd2 Qb5 18. Qe2 1/2-1/2